Score 0/20 Timer 02:00
2 Plays Today
Clue Word % Correct
American pop singer ____ StefaniGWEN
96.9%
Elmer's productGLUE
85.8%
Pull your car into the lotPARK
84.8%
American comedic actor ____ WilsonOWEN
84.6%
Hogwarts class Defense Against the ____ ArtsDARK
80.5%
Long, narrow valleyGLEN
79%
Award-winning prime time Fox seriesGLEE
77.6%
Feeling dejected or moroseGLUM
72.4%
Summit, apexPEAK
68.1%
Fringe benefitPERK
67.8%
Clue Word % Correct
Mass of a milliliter of waterGRAM
64.8%
Alice Cooper rock genreGLAM
64.4%
Trolley carTRAM
60.8%
Wood used in shipbuilding and furniture makingTEAK
51.5%
American comedic actor ____ WilsonLUKE
48.6%
A British nobleman, a boxer's fist, or John WayneDUKE
47%
Lions or Tigers or Bears (oh my!)TEAM
45.7%
English actor Bogarde or American actor BenedictDIRK
41.4%
Sea wall in which one might plug a hole with ones fingerDIKE
40.7%
Dreadful or ominousDIRE
36.4%

Today's Daily Dose

You're not logged in!

Compare scores with friends on all Sporcle quizzes.
OR
Log In

Sporcle TV

Today on Sporcle TV


Watch our educational content, quiz creation guides, and fun videos on Sporcle TV.

Show Comments

Extras

Top Quizzes Today


Score Distribution

Paid Content

Your Account Isn't Verified!

In order to create a playlist on Sporcle, you need to verify the email address you used during registration. Go to your Sporcle Settings to finish the process.

Report this User

Report this user for behavior that violates our Community Guidelines.

Details: